000 00501nam a2200181 a 4500
005 20141128170238.0
008 140124b2003 ck ||||| |||| 00| 0 spa d
040 _cCO-BoIH
041 _aspa
044 _ack
090 _aIAVH
_b00429
100 _aMárquez, César
_92724
245 _aProyecto editorial, aves rapaces (Falconiformes) de Colombia
_binforme de avance
260 _aBogotá
_bInstituto Alexander von Humboldt
_c2003
300 _a54 p.
942 _cINFORME
_2z
945 _d2005-11-11
999 _c4796
_d4796